00712nam a22001937a 4500999001900000005001700019010001500036020002700051035001400078037000900092082001100101100001600112245005200128260003400180270011300214300003100327942002500358952013500383 c185804d18580420220210111232.0 aENG-131490 a9789386806130c1495.00 aEN-115022 bDBAD a709.22 aRani, Madhu aContemporarys Artists and Thinkers/cMadhu Rani aNew DelhibIshwar Booksc2018 aB-29, Arya Nagar CGHS Ltd. Plot No. 91, I.P. Extension, PatparganjbNew Delhie110092mishwarbooks@gmail.com av, 296p.bIndexc24cm(hbk) 2ddccENh709.22mRAN 001040708NFICaBNbBNd2022-02-10eDBAD/PUBg1495.00l1o709.22 RANpEN-115022r2024-04-18 00:00:00s2024-04-04t1v1495.00yEN